| 000 | 00000nam##2200000za#4500 |
| 001 | 9.601762 |
| 003 | CaOODSP |
| 005 | 20210624210228 |
| 007 | cr ||||||||||| |
| 008 | 150406|2008||||xxc|||||o f|0| 0 fre|d |
| 022 | |a1919-3815 |
| 040 | |aCaOODSP|bfre |
| 043 | |an-cn--- |
| 086 | 1 |aFs70-7/2008-013F-PDF |
| 110 | 1 |aCanada. |bMinistère des pêches et des océans. |bRégion des Maritimes. |
| 245 | 10|aEffets éventuels des petites centrales marémotrices sur les écosystèmes marins côtiers de la baie de Fundy et stratégies d'atténuation |h[ressource électronique] |
| 246 | 17|aRéponse des sciences : Énergie marémotrice dans la baie de Fundy |
| 260 | |aOttawa - Ontario : |bPêches et Océans Canada. |cDécembre 2008. |
| 300 | |a11p. |
| 490 | 1 |aSecrétariat canadien de consultation scientifique - réponse des sciences |x1919-3815|v2008/013, Région des Maritimes |
| 590 | |a11-28-Supp|b2011-11-17 |
| 775 | 08|tPotential impacts of, and mitigation strategies for, small-scale tidal generation projects on coastal marine ecosystems in the Bay of Fundy |w(CaOODSP)9.571123 |
| 830 | #0|aRéponse des sciences (Secrétariat canadien de consultation scientifique)|x1919-3815|v2008/013, Région des Maritimes|w(CaOODSP)9.502630 |
| 856 | 40|ahttp://publications.gc.ca|qPDF|s97 Ko|uhttps://publications.gc.ca/collections/collection_2011/mpo-dfo/Fs70-7-2008-013-fra.pdf|y2008/013, Région des Maritimes |